Imforme /

Saved in:
Bibliographic Details
Main Author: Granado Baeza, Bartolomé José, 1742-1830
Format: Book
Language:Spanish
Series:Biblioteca Aportación histórica
Subjects:
LEADER 00896nam a2200229 a 4500
001 c000192497
003 CARM
005 20021125001500.0
008 830921n xx 00010 spa d
019 1 |a 2598622  |5 LACONCORD2021 
035 |a (OCoLC)220077423  |5 LACONCORD2021 
040 |a NUN  |c NUN 
043 |a n-mx--- 
100 2 |a Granado Baeza, Bartolomé José,  |d 1742-1830. 
245 1 0 |a Imforme /  |c del cura de Yaxcabá, Yucatan 1813 (costumbres, hechichería etc.) 
300 |a 28 p. ;  |c 21 cm. 
440 0 |a Biblioteca Aportación histórica 
500 |a Photocopy of: México : Vargas Rea, 1946. 
650 0 |a Indians of Mexico  |z Mexico  |z Yucatán (State) 
852 8 |b CARM  |h A2:AM02A0  |i B06316  |p 0288722  |f BK 
999 f f |i f48173f2-a1f2-5e1c-8efe-6f5bb5218a25  |s 22a8b125-3bfa-56ae-8eec-4fa96d95d6a6 
952 f f |p Can circulate  |a CAVAL  |b CAVAL  |c CAVAL  |d CARM 1 Store  |e B06316  |f A2:AM02A0  |h Other scheme  |i book  |m 0288722